000 00263nam a2200097Ia 4500
001 641687
005 20250826153512.0
008 250824s9999 xx 000 0 und d
245 0 _aBOSTAN GENÇLİK KLASİKLERİ
_cŞEYH SADİ-İ ŞİRAZİ
260 _bTİMAŞ ÇOCUK
999 _c641687
_d641687